01734cam a22004454i 4500003000900000005001700009008004100026035001800067040003300085049000900118082001700127110012100144245002800265264004700293300004500340336002100385337002500406338002300431505015200454526001000606526001000616526001000626526001000636526000800646526000800654526000800662526000800670526000800678526000800686526000800694650004500702910001800747942001400765949013200779994001400911596000600925999015000931980005501081952015201136PE-LiUPU20250731173516.0150616s r 000 0 d a(Sirsi) a8111 aPE-LiUPUbspacPE-LiUPUerda aPRUA04a268bA862212 aAsociación General de la Iglesia Adventista del 7mo. Día. División Sudamericana. Departamento de Educación10aQue es de mayor valor?. 1aLima :bEditorial Imprenta Unión,c1995. a182 páginas :bilustraciones ;c29 cm. atext2rdacontent aunmediated2rdamedia avolume2rdacarrier0 aDios en la tierra.- Que es de más valor?.- Quién es mi prójimo?.- Quién es el mayor valor?.- Cuál es la utilidad?.- Para dónde iremos?. aSEG42 aSEG41 aSEG40 aSEG39 aP94 aP87 aP86 aP85 aP77 aP76 aP3504aEducación RELIGIOSA DE JOVENES (IASD). ajckbjvqcjck 2ddccBOOK a268 A86wDEWEYc1i41763lCCODEBUL1mBULp00.00r0sYtBOOKu19960925xBIBLIOTECAzUNKNOWN0COMPRAo.STAFF. Colección General aC0bPEPRU a1 a268 A86wDEWEYc59428i41763f2021-11-10g5lCCODEBUL1mBULr0sYtBOOKu2015-6-16xTEOLOGIAzUNKNOWN0COMPRAo.STAFF. Colección Generald59428 81gALBERTO SANCHEZ Responsable de Automatización r2025-12-02 00:00:00i6l0o268 A86p41763te1w2015-06-16xPGyBKzinventario-2023-12-13102ddc50708GENfP85aBULbBULcGENd2015-06-16eCOMPRA